000 00494nam a2200169Ia 4500
003 GCL
008 140319s9999 xx 000 0 ara d
040 _aGCL /
_cGCL
082 0 4 _aط
_b239.6
_bم ث
100 1 _aمحمد حسن ابودنيا
245 1 0 _aالثبات على المبداء /
_cمحمد حسن ابودنيا
300 _a16 ص
490 _aمن اخلاق النبى
_v0
650 0 4 _aالسيرة النبوية
650 0 4 _aاخلاق الرسول
942 _2ddc
_cBK
999 _c46462
_d46462